UM Logo

"You may be down and out, but you ain't beaten" : (Record no. 20573)

MARC details
000 -LEADER
fixed length control field 00802nam a22002057a 4500
003 - CONTROL NUMBER IDENTIFIER
control field OSt
005 - DATE AND TIME OF LATEST TRANSACTION
control field 20260213085844.0
008 - FIXED-LENGTH DATA ELEMENTS--GENERAL INFORMATION
fixed length control field 240817b ||||| |||| 00| 0 eng d
040 ## - CATALOGING SOURCE
Transcribing agency 0
082 ## - DEWEY DECIMAL CLASSIFICATION NUMBER
Classification number DPer 364.05 J826 Summer-Fall 2020 v. 110 n. 3-4
100 ## - MAIN ENTRY--PERSONAL NAME
Personal name Armstrong, Keith.
Relator term author.
9 (RLIN) 58101
245 ## - TITLE STATEMENT
Title "You may be down and out, but you ain't beaten" :
Remainder of title collective Bargaining for incarcerated workers /
Statement of responsibility, etc. Keith Armstrong.
260 ## - PUBLICATION, DISTRIBUTION, ETC. (IMPRINT)
Place of publication, distribution, etc. Evanston ;
Name of publisher, distributor, etc. Northwestern University Press ,
Date of publication, distribution, etc. Summer 2020.
300 ## - PHYSICAL DESCRIPTION
Extent Volume 110, pages 593-622 ;
Dimensions 26 cm.
500 ## - GENERAL NOTE
General note The Journal of Criminal Law & Criminology, vol. 110, no. 3, pages 593-622, Summer 2020.
650 #0 - SUBJECT ADDED ENTRY--TOPICAL TERM
Topical term or geographic name as entry element Prisoners.
9 (RLIN) 44011
650 #0 - SUBJECT ADDED ENTRY--TOPICAL TERM
Topical term or geographic name as entry element Constitutions.
9 (RLIN) 57200
700 ## - ADDED ENTRY--PERSONAL NAME
Personal name Armstrong, Keith.
Relator term author.
9 (RLIN) 58101
942 ## - ADDED ENTRY ELEMENTS (KOHA)
Source of classification or shelving scheme Dewey Decimal Classification
Koha item type Periodicals
Holdings
Withdrawn status Lost status Source of classification or shelving scheme Damaged status Not for loan Collection code Home library Current library Date acquired Total Checkouts Full call number Date last seen Price effective from Koha item type Public note
    Dewey Decimal Classification     Periodicals UM Digos College - LIC UM Digos College - LIC 08/17/2024   DPer 364.05 J826 Summer-Fall 2020 v. 110 n. 3-4 08/17/2024 08/17/2024 Periodicals Periodical Article